Actores mejor pagados de cada año (2015-2023) - Estadísticas

Estadísticas generales
  • Esta prueba ha sido intentada 239 veces
  • La puntuación promedio es 9 de 40
Estadísticas de respuestas
Group Respuesta % Correcto
2022 Brad Pitt
74%
2016 Brad Pitt
74%
2022 Leonardo DiCaprio
64%
2021 Leonardo DiCaprio
64%
2022 Tom Cruise
44%
2015 Tom Cruise
44%
2019 Robert Downey Jr
37%
2018 Robert Downey Jr
37%
2016 Robert Downey Jr
37%
2022 Will Smith
32%
2021 Will Smith
32%
2017 Chris Evans
31%
2022 Dwayne Johnson
31%
2021 Dwayne Johnson
31%
2020 Dwayne Johnson
31%
2019 Dwayne Johnson
31%
2018 Dwayne Johnson
31%
2015 Dwayne Johnson
31%
2019 Chris Hemsworth
28%
2018 Chris Hemsworth
28%
2021 Denzel Washington
15%
2018 George Clooney
15%
2016 Adam Sandler
14%
2017 Matt Damon
14%
2015 Matt Damon
14%
2017 Chris Pratt
12%
2020 Ryan Reynolds
10%
2017 Ryan Reynolds
10%
2020 Ben Affleck
9%
2020 Vin Diesel
9%
2015 Kevin Hart
4%
2021 Daniel Craig
3%
2020 Mark Wahlberg
2%
2019 Jackie Chan
1%
2018 Jackie Chan
1%
2015 Jackie Chan
1%
2017 Jeremy Renner
1%
2019 Akshay Kumar
0%
2016 Akshay Kumar
0%
2016 Shah Rukh Khan
0%
No se encontraron pruebas coincidentes
Distribución de puntuación
Porcentaje de gente con cada puntuación
Porcentaje por número respondido
Historial de tus puntuaciones
No has intentado esta prueba.